Yếu tố nhân sự trong công tác cộng đồng /
Guardat en:
| Autor principal: | |
|---|---|
| Altres autors: | |
| Format: | Sách giấy |
| Idioma: | Vietnamese |
| Publicat: |
TP. HCM :
Trường Công tác Xã hội,
1972.
|
| Col·lecció: | Tủ sách xã hội.
|
| Etiquetes: |
Afegir etiqueta
Sense etiquetes, Sigues el primer a etiquetar aquest registre!
|
| Thư viện lưu trữ: | Thư viện Trường Đại học Đà Lạt |
|---|
| LEADER | 00743nam a2200289 4500 | ||
|---|---|---|---|
| 001 | DLU140161477 | ||
| 005 | ##20140417 | ||
| 040 | # | # | |a DLU |b vie |
| 041 | # | # | |a vie |
| 044 | # | # | |a vn |
| 082 | # | # | |a 361.8 |b BA-T |
| 100 | # | # | |a Batten, T.R. |
| 245 | # | # | |a Yếu tố nhân sự trong công tác cộng đồng / |c T.R. Batten; Phùng Thị Nghĩa dịch. |
| 260 | # | # | |a TP. HCM : |b Trường Công tác Xã hội, |c 1972. |
| 300 | # | # | |a 276 tr. ; |c 21 cm. |
| 490 | # | # | |a Tủ sách xã hội. |
| 700 | # | # | |a Phùng Thị Nghĩa, |e dịch. |
| 991 | # | # | |a GT |
| 992 | # | # | |a 0 |
| 994 | # | # | |a DLU |
| 900 | # | # | |a True |
| 911 | # | # | |a Đào Thị Thu Huyền |
| 925 | # | # | |a G |
| 926 | # | # | |a A |
| 927 | # | # | |a SH |
| 980 | # | # | |a Thư viện Trường Đại học Đà Lạt |